LEADER 01025nam a2200265 i 4500 001 000000128309 003 CaOOAMICUS 005 20070606000000.0 008 070606s2002 it u000 u ita u 013 $a101034 020 $a88-04-50991-0 040 $aSeMil$bita 100 1 $aIppolito, Maria Lucia <1960- >.$0(OLS)http://semarc/name/53416 245 13$aIl miracolo di Padre Pio /$cMaria Lucia Ippolito. 260 $aMilano :$bMondadori,$cCopyr. 2002. 300 $a349 p. ;$c20 cm. 500 $aFondo card. C.M. Martini. 650 4$aPio : da Pietrelcina - Miracoli.$0(OLS)http://semarc/subject/25296 850 $aSeMil 852 $aSeMil$W1$xVenegono$y1$m3H II 147$j82536$B82536$CSeMilBibl$Z2$F124947 $81 941 1 $a4 961 $aOmaggio: Martini Card. Carlo Maria 996 $6020$a88-04-50991-0$9(OLS)http://semarc/number/114919 996 $6245$aIl miracolo di Padre Pio$9(OLS)http://semarc/title/189587 996 $6260$aMilano :$bMondadori$9(OLS)http://semarc/publisher/30335 LEADER 00907nam a2200217 i 4500 001 000000066284 003 CaOOAMICUS 005 20131216000000.0 008 131216s1931 xx u000 u lat u 013 $a37456 040 $aSeMil$bita 100 1 $aGaltier, Paul .$0(OLS)http://semarc/name/20502 245 13$aDe paenitentia :$btractatus dogmatico-historicus /$cAuctore Paulo Galtier , S. J. 250 $aEditio recognita et indicibus aucta. 260 $aParisiis :$bGabriel Beauchesne,$c1931. 300 $aVII, 491 p. ;$c23 cm. 650 4$aPenitenza - Storia.$0(OLS)http://semarc/subject/5592 850 $aSeMil 852 $aSeMil$W1$xVenegono$y1$m2N III 100$j32437$B32437$CSeMilBibl$Z2$F32440 $81 996 $6245$aDe paenitentia :$btractatus dogmatico-historicus$9(OLS)http://semarc/title/66238 996 $6260$aParisiis :$bGabriel Beauchesne$9(OLS)http://semarc/publisher/38410